000
00256nam a2200109 4500
082
_a
428GEO
100
_a
George, Sebastian
245
_a
Teaching English as a second Language
260
_a
New Delhi:
_b
Commonwealth,
_c
2009.
300
_a
261p. ;
942
_c
BK
999
_c
5357
_d
5357